00000000cam 2200000zi 4500
0019.956216
003CaOODSP
00520260602104336
006m     o  d f      
007cr cn ||||||||
008251009e202512  oncd    obs  f000 0 fre d
020 |a9780660792873
040 |aCaOODSP|bfre|erda|cCaOODSP
043 |an-cn---
0861 |aT94-54/2025-2F-PDF
24500|aTout le monde compte 2024 : |brapport sur les faits saillants, partie 2 - sondage auprès des personnes en situation d'itinérance.
264 1|aOttawa (Ontario) : |bLogement, infrastructures et collectivités Canada = Housing, Infrastructure and Communities Canada, |cdécembre 2025.
264 4|c©2025
300 |a1 ressource en ligne (45 pages) : |bgraphiques
336 |atexte|btxt|2rdacontent/fre
337 |ainformatique|bc|2rdamedia/fre
338 |aressource en ligne|bcr|2rdacarrier/fre
500 |aTitre de la couverture.
500 |aPublié aussi en anglais sous le titre : Everyone counts 2024 : highlights report, part 2 - survey of people experiencing homelessness.
504 |aComprend des références bibliographiques.
650 6|aSans-abri|zCanada|xStatistiques.
655 7|aStatistiques|2rvmgf
7101 |aCanada. |bLogement, infrastructures et collectivités Canada, |eorganisme de publication.
77508|tEveryone counts 2024 : |w(CaOODSP)9.956215
85640|qPDF|s1.05 Mo|uhttps://publications.gc.ca/collections/collection_2026/licc-hicc/T94-54-2025-2-fra.pdf
8564 |qHTML|sS.O.|uhttps://logement-infrastructure.canada.ca/homelessness-sans-abri/reports-rapports/pit-counts-dp-2024-highlights-p2-fra.html